First Names of Slavic Origin - Sudden Death - Statistics

General Stats
  • This quiz has been taken 30 times
  • The average score is 15 of 16
Answers on the Grid
Answers color-coded by a green-red scale on the quiz's grid according to % correct below.
Alexander
Boris
Bronislava
Dragana
Eric
Ingrid
Inna
Kalina
Karen
Kasimir
Ljubica
Margaret
Milan
Natasha
Snežana
Viera
Vladan
Vladimir
Wenceslaus
Zlatan
Zvonimir
 
Answer Stats
Answer % Correct
Snežana
100%
Vladimir
100%
Boris
97%
Bronislava
97%
Natasha
97%
Vladan
97%
Zvonimir
97%
Dragana
93%
Kasimir
93%
Ljubica
93%
Zlatan
93%
Kalina
90%
Inna
83%
Viera
83%
Milan
79%
Wenceslaus
76%
No matching quizzes found
Score Distribution
Percent of People with Each Score
Percentile by Number Answered
Your Score History
You have not taken this quiz